| 000 | 00000nam##2200000za#4500 |
| 001 | 9.570971 |
| 003 | CaOODSP |
| 005 | 20210624182510 |
| 007 | cr ||||||||||| |
| 008 | 150406|2009||||xxc|||||o f|0| 0 eng|d |
| 040 | |aCaOODSP|beng |
| 043 | |an-cn--- |
| 086 | 1 |aYC25-0/402-7E-PDF |
| 110 | 1 |aCanada. |bParliament. |bSenate. |bStanding Committee on Fisheries and Oceans. |
| 245 | 10|aControlling Canada's Arctic waters : |h[electronic resource]|brole of the Canadian Coast Guard / |cThe Honourable Bill Rompkey, P.C., chair; the Honourable Ethel M. Cochrane, deputy chair. |
| 246 | 3 |aReport of the Standing Senate Committee on Fisheries and Oceans |
| 260 | |aOttawa - Ontario : |bSenate. |cDecember 2009. |
| 300 | |a101p.|bcoloured maps, references, tables |
| 490 | 1 |aReport of the Standing Senate Committee on Fisheries and Oceans|v40th Parliament, 2nd Session, [7th report] |
| 590 | |a11-12-Supp|b2011-07-29 |
| 775 | 08|tLe contrôle des eaux de l'Arctique canadien : |w(CaOODSP)9.601612 |
| 830 | #0|aReport of the Standing Senate Committee on Fisheries and Oceans ;|v40th Parliament, 2nd Session, [7th report]|w(CaOODSP)9.505799 |
| 856 | 40|ahttp://publications.gc.ca|qPDF|s1.75 MB|uhttps://publications.gc.ca/collections/collection_2011/sen/yc25-0/YC25-0-402-7-eng.pdf|y40th Parliament, 2nd Session, [7th report] |